| 000 | 01090nam a2200349 a 4500 | ||
|---|---|---|---|
| 008 | |||
| 020 | _a0721644619 (set) | ||
| 020 | _a0721644627 (v. 1) | ||
| 020 | _a0721644635 (v. 2) | ||
| 020 | _a0721644643 (v. 3) | ||
| 049 | _aMAIN | ||
| 090 | 0 | _aRC871 | |
| 245 | 0 | 0 |
_aCampbell-Walsh urology / _cedited by Patrick C. Walsh ... [et al.] |
| 246 | 3 | 0 | _aUrology. |
| 250 | _a7th ed. | ||
| 260 |
_aPhiladelphia : _bW.B. Saunders Co., _cc1998. |
||
| 300 |
_a3 v. (xli, 3432, lxxxix p.) : _bill. (some col.) ; _c29 cm. |
||
| 504 | _aIncludes bibliographical references. | ||
| 500 | _aIncludes index. | ||
| 505 | 0 | _av. 1. Pages 1-1154 -- v. 2. Pages 1155-2256 -- v. 3. Pages 2257-3432. | |
| 650 | 0 | _aUrology. | |
| 650 | 2 | _aUrogenital Diseases. | |
| 650 | 2 |
_aUrology _xmethods. |
|
| 700 | 1 |
_aCampbell, Meredith F. _q(Meredith Fairfax). |
|
| 700 | _aRetik, Alan B. | ||
| 700 | 1 | _aWalsh, Patrick C. | |
| 907 |
_a.b1015503x _b06-07-17 _c28-02-05 |
||
| 003 | |||
| 005 | 20230120203847.0 | ||
| 040 | _cNUST | ||
| 942 |
_cBOOKS _kRC871 |
||
| 999 |
_c112755 _d112755 |
||